Loading...
| Current Events | 2 | 20.00 | 50% | 100% | 50% |
| Fine Arts - Classical Music | 7 | 10.00 | 71% | 29% | 0% |
| Fine Arts - Other Fine Arts | 3 | 16.67 | 100% | 33% | 33% |
| Geography | 3 | 23.33 | 100% | 100% | 33% |
| History - American History | 4 | 20.00 | 100% | 75% | 25% |
| History - European History | 6 | 26.67 | 100% | 100% | 67% |
| History - Other History | 1 | 30.00 | 100% | 100% | 100% |
| History - World History | 5 | 28.00 | 100% | 100% | 80% |
| Literature - American Literature | 5 | 18.00 | 100% | 60% | 20% |
| Literature - British Literature | 7 | 12.86 | 86% | 43% | 0% |
| Literature - European Literature | 4 | 20.00 | 100% | 50% | 50% |
| Literature - World Literature | 5 | 26.00 | 100% | 100% | 60% |
| Mythology | 5 | 20.00 | 100% | 80% | 20% |
| Painting/Sculpture | 4 | 15.00 | 75% | 75% | 0% |
| Philosophy | 4 | 17.50 | 100% | 25% | 50% |
| Pop Culture | 1 | 0.00 | 0% | 0% | 0% |
| Religion | 5 | 22.00 | 100% | 60% | 60% |
| Science - Biology | 4 | 20.00 | 100% | 75% | 25% |
| Science - Chemistry | 6 | 16.67 | 100% | 50% | 17% |
| Science - Other Science | 5 | 22.00 | 100% | 100% | 20% |
| Science - Physics | 5 | 16.00 | 100% | 40% | 20% |
| Social Science | 2 | 20.00 | 100% | 50% | 50% |